000 00433nam a2200145Ia 4500
008 191206s9999 xx 000 0 und d
020 _a9781260120950
100 _aCrocker, Mary Coffman
245 _cmary Coffman Crocker
_aSchaum's outline:
_bFrench grammar/
250 _a7th ed.
260 _aNY:
_bMcGrawHill Education
_c2018
300 _ax, 290 p. ;
_c27 cm.
500 _aIncludes index
650 _aFrench language -- grammar
999 _c362846
_d362846